000 00280nam a22001217a 4500
008 160503b xxu||||| |||| 00| 0 eng d
020 _a9780201656800
020 _a0201656809
041 _aeng
080 _a61
245 _aThermal Physics:
_cDanel V. Schroeder;
942 _2udc
_cBK
999 _c1731
_d1731